[Event "MPL National Senior Chess-ch 2022"]
[Site "Kanpur"]
[Date "2022.03.02"]
[Round "10.6"]
[White "Visakh N R"]
[Black "Aronyak Ghosh"]
[Result "1-0"]
[WhiteElo "2522"]
[BlackElo "2482"]
[Annotator "TA"]
[PlyCount "155"]
[EventDate "2022.02.25"]
[EventCountry "IND"]
[SourceTitle "playchess.com"]
[Source "ChessBase"]
[SourceQuality "1"]

{[%evp 11,155,26,35,15,28,17,42,38,51,57,38,41,56,47,50,26,32,29,40,29,35,39,35,40,38,38,54,26,32,12,14,0,36,29,29,11,4,11,15,21,21,7,30,29,38,34,34,34,41,41,43,43,58,58,61,61,61,52,53,53,62,62,74,53,67,52,74,73,71,0,73,70,70,70,70,70,70,70,70,70,114,114,114,114,154,154,619,487,550,467,586,498,410,402,654,646,654,634,576,576,654,612,548,533,1426,1293,1343,1086,1312,1245,1212,1183,29970,29972,29972,29973,29973,29974,29974,29975,29975,29976,29976,29977,29977,29978,29978,29979,29979,29980,29980,29981,29981,29982,29982,29983,29983,29984,29984,8,29985,29986,29986,29987,29987,29988]} 1. d4 d5 2. c4 dxc4 3. Nf3 Nf6 4. e3 e6 5. Bxc4 c5 6. O-O a6 7. Be2 {D27: Queen's Gambit Accepted: Classical main line: 7 e4!? and 7 a4.} Nc6 8. dxc5 (8. Ne5 {keeps more tension.} cxd4 9. Nxc6 bxc6 10. Bf3 Qc7 11. Qxd4 Bb7 12. Nd2) 8... Bxc5 9. Qxd8+ {White is slightly better.} Kxd8 10. b3 Ke7 11. Bb2 Rd8 12. Rc1 {[#]} Bb4 $146 ({Predecessor:} 12... Ba7 13. Nbd2 Nd5 14. Ne4 f6 15. Ba3+ Ncb4 16. Nc5 a5 17. Nd4 e5 18. Nb5 Bxc5 19. Rxc5 {½-½ (39) Brink,B (2360)-Dobrov,V (2518) Wijk aan Zee 2016}) 13. Nc3 {[%cal Bb1c3,Bc3a4,Ba4c5][%mdl 32]} Bd7 14. Na4 Be8 15. Nc5 Na5 16. Nd4 {[%cal Oc5b7]} Rac8 17. Nd3 Bd6 18. Bf3 b6 19. Rxc8 (19. h3 {with more complications.} g6 20. g4 Bd7 21. e4 e5 22. g5) 19... Rxc8 20. Rc1 Rxc1+ 21. Bxc1 Kd8 22. Bd2 Bd7 23. Bxa5 (23. Nb4 {seems wilder.} e5 24. Ndc2 Bb5 25. Bc3 Kd7 26. h3) 23... bxa5 24. Nc6+ Bxc6 25. Bxc6 $11 {[%mdl 4096] Endgame KBN-KBN} Kc7 26. Bf3 Nd7 27. Be2 Ba3 28. Kf1 Kd6 29. Ke1 Nc5 30. Nxc5 {Threatens to win with Ne4+.} Kxc5 31. Bxa6 $14 {KB-KB} e5 32. Bc4 f6 33. Bg8 h6 34. h4 Bb4+ 35. Ke2 Bc3 36. h5 Bb4 37. Bf7 Bc3 38. Be6 Bb4 39. Kd3 Be1 40. Ke2 Bb4 41. f3 {White now steadily converts the win.} Ba3 42. Kd2 Bb4+ 43. Kd3 Ba3 44. Ke4 Bc1 45. Kf5 Bxe3 (45... Kd6 $1 $14) 46. Kg6 $16 Bg5 47. Kxg7 Kd4 {[#]} 48. Bf5 $1 {Be4 is the strong threat.} Kd5 (48... Kc3 $16 49. Kg6 Kd4) 49. Kg6 Kd6 50. Kf7 Bh4 51. Bc2 Bg5 52. Be4 Bh4 (52... Kc5 $142 53. Kg6 Kd4) 53. a3 {[%cal Ba2a3,Ba3a4,Ba4a5,Ba5a6][%mdl 32]} Kc5 54. Kg6 Bg5 55. g3 Kd4 56. Kf5 Bc1 57. a4 Bg5 58. b4 axb4 59. a5 {Intending f4 and mate.} Kc5 60. f4 exf4 61. gxf4 b3 62. fxg5 fxg5 {KB-K3P} 63. a6 Kb6 {[#]} 64. Bd3 $1 b2 65. Ke4 Ka7 66. Kd4 Kb6 67. Kc3 b1=R 68. Bxb1 Kxa6 {KB-KPP} 69. Kd4 Kb6 70. Ke5 Kc7 71. Bf5 Kd8 72. Kf6 Ke8 73. Kg7 Ke7 74. Bg4 Ke8 75. Kxh6 $2 (75. Be2 {mates} Ke7 76. Kxh6 Kf6 77. Bg4 Kf7 78. Kh7 (78. Kxg5 Kg8 $11) 78... Kf6 79. h6 Kf7 80. Bd1) 75... Kf8 $2 {[%mdl 8192]} (75... Kf7 $11) 76. Kh7 {White mates.} Kf7 77. h6 Kf8 78. Bh5 {Weighted Error Value: White=0.11 (very precise) /Black=0.31} 1-0

[Event "MPL National Senior Chess-ch 2022"]
[Site "Kanpur"]
[Date "2022.03.02"]
[Round "10.7"]
[White "Mitrabha, Guha"]
[Black "Panda Sambit"]
[Result "1-0"]
[WhiteElo "2510"]
[BlackElo "2059"]
[Annotator "TA"]
[PlyCount "107"]
[EventDate "2022.02.25"]
[EventCountry "IND"]
[SourceTitle "playchess.com"]
[Source "ChessBase"]
[SourceQuality "1"]

{[%evp 11,107,-10,9,0,7,0,26,0,0,4,0,0,12,10,11,16,10,0,12,6,23,0,0,0,0,8,32,15,7,-27,-27,-33,0,0,0,-30,-24,-14,-19,-40,0,0,0,0,0,0,0,-10,0,-6,0,0,0,0,0,-6,0,0,14,0,0,0,0,-4,-4,-5,15,16,9,12,15,0,33,41,50,55,59,29,91,95,89,97,127,100,601,579,1369,1341,1150,1169,1024,996,982,902,29990,29978,29972,5367]} 1. d4 d5 2. c4 e6 3. Nf3 Nf6 4. e3 c5 5. dxc5 Bxc5 6. a3 a5 7. b3 {D30: Queen's Gambit Declined: Systems without Nc3.} Nc6 8. Bb2 {To avoid d4} O-O {[%cal Oe6e5]} 9. Be2 {White has an edge.} Qe7 10. Nc3 {[%cal Bb1c3,Bc3b5,Bb5d4,Bd4f3,Bf3e5][%mdl 32]} Rd8 11. cxd5 exd5 12. Nb5 {Inhibits d4.} Bg4 13. O-O Ne4 14. Nfd4 {[#]} Nxd4 $146 ({Predecessor:} 14... Bd7 15. Bg4 Be6 16. Rc1 Nxd4 17. Nxd4 Rac8 18. Nxe6 fxe6 19. Qf3 Rc6 20. Qh3 Rf8 21. b4 axb4 22. axb4 Ng5 23. Qh5 Bxb4 24. h4 Nf7 {½-½ (24) Georgiev,V (2549)-Roeder,M (2442) Saint Vincent 2003}) 15. Nxd4 Bd7 16. Bg4 (16. Nf3 {seems wilder.} Qd6 17. Rc1 Rdc8 18. a4 Bb4 19. Qd4) 16... Ra6 17. Bxd7 Qxd7 18. Rc1 Ba7 19. Nf3 Bb8 20. Be5 ({But not} 20. Qd4 Rg6 21. Ne1 (21. g3 Qh3 $15) 21... h5 $15) 20... Bxe5 $1 21. Nxe5 Qe7 (21... Qd6 $5 {[%cal Rd6e5]} 22. Nf3 (22. Qh5 $2 g6 $19) 22... Qxa3 $11) 22. Qd4 Re6 ({Much less strong is} 22... Qxa3 23. Nxf7 $1 {[%mdl 512]} Rd7 24. Ne5 $16) 23. Nf3 Qxa3 24. Qa7 Qxb3 {Threatens to win with ...Qb6.} 25. Rb1 Ra6 26. Qxa6 $1 Qxb1 $1 27. Qxa5 {[%cal Ra5d8]} b6 {[%cal Ob1f1] ...Qxf1+! is the strong threat.} 28. Qa7 Qb2 29. Qc7 {[%cal Rc7d8]} Rf8 30. h3 h6 31. Nd4 Nd2 32. Re1 Ne4 33. Re2 Qb1+ 34. Kh2 Qb4 35. Rc2 Qd6+ 36. Qxd6 Nxd6 $11 {[%mdl 4096] Endgame KRN-KRN} 37. Rc7 Ne4 38. f3 Nf6 39. Rb7 Re8 40. Nf5 Re6 41. g4 d4 42. exd4 Nd5 43. Kg3 g5 44. h4 {[%cal Bh3h4,Bh4h5][%mdl 32]} Nf4 {[#]} (44... Ne3 $11 {remains equal.}) 45. Rd7 $1 $16 {aiming for d5.} Ne2+ 46. Kf2 {Black must now prevent d5. White is more active.} Nf4 {[#]} 47. h5 $1 {Strongly threatening d5.} Rf6 $2 {[%mdl 8192] A mistake that costs the game.} (47... Nd3+ $16 48. Kg3 Nf4) 48. d5 $18 {[%cal Bd4d5,Bd5d6,Bd6d7][%mdl 32]} b5 49. d6 {White wants to mate with Rd8+.} Re6 50. Re7 {White threatens d7 and mate.} Nd3+ 51. Kg3 {Intending d7 and mate.} Ne5 52. d7 Nc6 53. Rxe6 fxe6 {[#]} 54. Ne7+ $1 {[%mdl 512] Weighted Error Value: White=0.06 (flawless) /Black=0.39} 1-0

[Event "MPL National Senior Chess-ch 2022"]
[Site "Kanpur"]
[Date "2022.03.02"]
[Round "10.8"]
[White "Karthikeyan, Murali"]
[Black "Ratnakaran, K.."]
[Result "1-0"]
[WhiteElo "2622"]
[BlackElo "2316"]
[Annotator "TA"]
[PlyCount "65"]
[EventDate "2022.02.25"]
[EventCountry "IND"]
[SourceTitle "playchess.com"]
[Source "ChessBase"]
[SourceQuality "1"]

{[%evp 11,65,27,26,12,15,7,66,61,114,118,109,110,142,137,144,147,131,135,144,114,130,132,135,129,200,164,433,407,766,778,750,744,893,913,832,673,670,656,719,722,733,675,704,588,761,694,727,720,697,691,939,845,891,887,823,800]} 1. e4 e6 2. d4 d5 3. Nc3 {[%cal Bb1c3,Bc3e2,Be2g3][%mdl 32]} Nc6 4. Nf3 Nf6 5. e5 Ne4 6. Ne2 f6 7. Ng3 {C10: French with 3 Nc3: Unusual Black 3rd moves and 3...dxe4.} fxe5 8. dxe5 {[#]} Qe7 $146 ({Black should try} 8... Be7 $11) ({Predecessor:} 8... Be7 9. Bb5 Bd7 10. Bxc6 Bxc6 11. Nd4 Qd7 12. Qg4 Bc5 13. Nxe4 Bxd4 14. Ng3 Bc5 {1-0 (43) Leniart,A (2455)-Timofeev,A (2659) Warsaw 2011}) 9. c3 {White is slightly better.} g6 (9... Nc5 $14) 10. Nxe4 dxe4 11. Ng5 Qg7 12. Bf4 Bd7 13. Nxe4 {Hoping for Nf6+.} O-O-O 14. Qf3 {White is much more active. Black has bad knights.} Be7 15. Qe3 h6 16. h4 Be8 17. Rd1 Bf7 (17... Kb8 $16 18. Rxd8+ Nxd8) 18. Bb5 Nb8 (18... Rxd1+ 19. Kxd1 Be8) 19. Nd6+ $18 Bxd6 (19... cxd6 $142 20. exd6 Be8 21. dxe7 Rxd1+ 22. Kxd1 Bxb5) 20. exd6 {White is clearly winning.} c6 {[#]} 21. Be5 $1 Qh7 {[#]} (21... Qf8 22. d7+) 22. Qxa7 $1 {White wants to mate with d7+.} Rd7 23. Bxh8 Qxh8 24. Be2 h5 25. Rh3 {[%cal Bh1h3,Bh3d3,Bd3e3][%mdl 32]} e5 26. Qe3 Qf6 27. Qg5 Qe6 28. b3 Rxd6 29. Rxd6 Qxd6 30. Rd3 Qc7 31. Qf6 {Threatening mate with Qh8+.} b5 32. Re3 Kb7 33. Qxe5 {White took control after the opening.  Weighted Error Value: White=0.21 (precise) /Black=0.40} 1-0

[Event "MPL National Senior Chess-ch 2022"]
[Site "Kanpur"]
[Date "2022.03.02"]
[Round "10.9"]
[White "Sammed Jaykumar, Shete"]
[Black "Adhiban, B.."]
[Result "1/2-1/2"]
[WhiteElo "2408"]
[BlackElo "2648"]
[Annotator "TA"]
[PlyCount "129"]
[EventDate "2022.02.25"]
[EventCountry "IND"]
[SourceTitle "playchess.com"]
[Source "ChessBase"]
[SourceQuality "1"]

{[%evp 20,129,0,1,13,2,16,17,16,9,9,0,18,17,9,0,10,6,3,9,17,14,8,10,11,6,6,4,10,0,10,0,0,0,0,0,0,0,0,0,4,4,4,4,4,0,0,0,0,0,0,0,0,0,0,0,0,0,0,0,0,0,0,0,0,0,0,0,0,0,0,0,0,0,0,0,0,0,0,0,0,0,0,0,0,-6,0,0,0,0,0,0,0,0,0,0,0,0,0,0,0,0,0,0,0,0,0,0,0,0,0,-29979]} 1. e4 {[%cal Be2e4,Be4e5][%mdl 32]} c5 2. c3 Nf6 3. e5 Nd5 4. Nf3 d6 5. exd6 e6 6. g3 Bxd6 7. Bg2 Nc6 8. O-O O-O 9. d4 cxd4 10. Nxd4 Nxd4 11. Qxd4 {The position is equal.} Qc7 {B22: Sicilian: 2 c3.} 12. c4 $1 {[%mdl 4] is recently more successful than 12.Nd2.} Be5 13. Qe4 Nf6 14. Qe2 Bd7 15. Nd2 {[#]} Rac8 $146 ({Predecessor:} 15... h6 16. Nf3 Bd6 17. b3 Bc6 18. Bb2 Qe7 19. Rad1 Rfd8 20. Nd4 Bxg2 21. Kxg2 Ba3 {½-½ (48) Okhotnik,V (2486)-Arnaudov,P (2449) Forni di Sopra 2011}) 16. Nf3 Bd6 17. Rd1 Bc6 18. Bg5 Bc5 19. Be3 b6 20. Bxc5 Bxf3 21. Bxf3 bxc5 22. Rd3 Rfd8 23. Rad1 Kf8 24. Kg2 Rxd3 25. Qxd3 Ke7 {To avoid Qd6+} 26. Qe3 h6 27. a3 a5 28. Rd3 Rb8 29. Rd2 Qb6 30. Qe5 {[%cal Ob2b4] Black should prevent b4!} Rd8 31. Rxd8 Kxd8 32. b4 axb4 33. axb4 Qc7 34. Qc3 cxb4 35. Qxb4 Nd7 36. h4 Qc5 37. Qc3 Qe5 38. Qd3 Ke7 39. Bc6 Nc5 40. Qa3 Qd6 41. Qa8 Qc7 42. Bf3 Qd6 43. Bc6 Qc7 44. Bf3 Nd3 45. Qa3+ Qd6 46. Qc3 {Prevents Ne1+.} Kf8 47. Be4 Nc5 48. Bf3 Nd7 49. Be2 Qc5 50. Qd3 Ke7 51. Qc3 Nf6 {[%cal Oc5f2]} 52. Bf3 g5 53. hxg5 hxg5 54. Qb3 Ne8 55. Qb5 Qxb5 56. cxb5 $11 {[%mdl 4096] Endgame KB-KN} Nf6 57. Bc6 Kd6 58. Kf3 Kc5 59. Ke3 Ng4+ 60. Ke2 Ne5 61. Be8 f6 62. f4 gxf4 63. gxf4 Nc4 64. Bf7 Nd6 65. Ke3 $2 {[%mdl 40960] Weighted Error Value: White=0.01 (flawless) /Black=0.01 (flawless) . An unexpected result.} 1/2-1/2

[Event "MPL National Senior Chess-ch 2022"]
[Site "Kanpur"]
[Date "2022.03.02"]
[Round "10.10"]
[White "Sengupta, Deep"]
[Black "Utsab Chatterjee"]
[Result "1-0"]
[WhiteElo "2528"]
[BlackElo "2321"]
[Annotator "TA"]
[PlyCount "85"]
[EventDate "2022.02.25"]
[EventCountry "IND"]
[SourceTitle "playchess.com"]
[Source "ChessBase"]
[SourceQuality "1"]

{[%evp 9,85,22,33,0,8,6,13,14,16,16,26,26,21,18,36,-35,25,13,0,-81,-61,-82,-70,-63,0,-83,0,-16,0,-61,102,0,143,110,162,154,173,129,170,176,185,86,79,70,114,70,62,66,154,152,588,568,556,546,1686,1634,1834,173,129,0,1647,1472,29979,6395,5319,0,29977,29976,29971,29978,5406,663,652,614,29992,5357,29993,1717]} 1. e4 c5 2. Nf3 d6 3. d4 cxd4 4. Nxd4 Nf6 5. Nc3 a6 6. h4 {B90: Sicilian Najdorf: Unusual White 6th moves, 6 Be3 Ng4 and 6 Be3 e5.} e5 7. Nb3 Be6 8. f4 {The position is equal.} exf4 9. Bxf4 Nc6 10. Qd2 d5 {[%cal Bd6d5,Bd5d4][%mdl 32]} 11. O-O-O {[%cal Re4d5]} Bb4 12. Qe3 (12. exd5 Nxd5 $1 13. g3 Nxc3 14. bxc3 Qxd2+ 15. Bxd2 Ba3+ 16. Kb1 O-O-O $15) (12. Bg5 $14 Nxe4 13. Qe3) 12... Bxc3 (12... d4 $1 $15 13. Nxd4 Bc5 14. Nxe6 Bxe3+ 15. Bxe3 Qxd1+ $1 16. Nxd1 fxe6) 13. Qxc3 $11 {aiming for exd5.} O-O {[#]} 14. Nc5 $146 (14. exd5 $1 $11 {remains equal.} Nxd5 15. Qg3) ({Predecessor:} 14. exd5 Nxd5 15. Qg3 Qf6 16. Bg5 Qe5 17. Qxe5 Nxe5 18. Nc5 Rac8 19. Nxe6 fxe6 20. Re1 {1-0 (50) Klabis,R (2332)-Brazdzionis,A (2335) Vilnius 2021}) 14... d4 15. Qa3 Bg4 16. Re1 Qc8 (16... Qe7 $1 $15) 17. h5 (17. Kb1 $11) 17... Nxh5 ({Black should play} 17... a5 $1 $17 {Hoping for ...Nb4.} 18. Bd6 Rd8) 18. Bd6 Re8 (18... Rd8 $5 {[%cal Rd8d6]} 19. Na4 Qe6 $11) 19. e5 (19. Bc4 $11) 19... Nf4 $2 (19... Qf5 $1 $15 20. e6 Qg5+ 21. Kb1 Qd5) 20. Bc4 ({White should try} 20. Qg3 $1 $16 {[%cal Rg3f4]} Qf5 21. Re4) 20... Nd8 (20... Qf5 $11) 21. Qg3 {[%mdl 1024] White has strong compensation.} Ng6 (21... b5 $16 {was called for.}) 22. Bd5 $40 {[%cal Oe5e6][%mdl 128] White is out for blood.} (22. Qh2 $6 h5 $16) 22... Qf5 {Inhibits e6.} 23. Rhf1 {To avoid Qf4+. The board is on fire.} (23. Ref1 Qg5+ 24. Kb1 h5 $16) (23. Kb1 $18 {Black must now prevent Ref1.} h5 24. Rhf1) 23... Qg5+ (23... Qh5 $16 24. Nxb7 Be6) 24. Kb1 Rc8 25. Qb3 (25. Qf2 $18) 25... Nf4 $16 26. Be4 (26. Nxb7 Nxd5 27. Nxd8 Rexd8 $17) (26. Bxb7 Nxb7 27. Qxb7 (27. Ne4 Be6 $15) 27... Bf5 $11) 26... Bh5 (26... h6 $14) 27. g3 (27. Nxb7 $16 {Strongly threatening g3.} Bg6 28. Nxd8 Rcxd8 29. Qf3 (29. Bxg6 Qxg6 30. a3 Ne6 $14)) 27... Nfe6 $1 $14 28. Nxe6 {White is much more active. Black has bad knights.} Nxe6 (28... Rxe6 $14 29. Bf5 (29. Bxb7 Nxb7 30. Qxb7 Rce8 $11) 29... Bg6) 29. Rf5 $1 $16 ({Don't take} 29. Bxb7 Bg6 30. Bxc8 Rxc8 $16) 29... Qg4 {[#]} (29... Qd2 $16 {is a better chance.} 30. Bb4 Rc3 31. Bxc3 dxc3 32. Qxc3 Qxc3 33. bxc3 Bg6) 30. Rxh5 $1 $18 {[%mdl 512]} Qxh5 31. Rh1 {[%mdl 64] Skewer} Qg5 32. Bxh7+ {A strong pair of Bishops.} Kh8 33. Bg6+ $2 (33. Qf3 {White threatens Bg6+ and mate.} Qh6 34. Rxh6 gxh6 35. Bd3) 33... Kg8 34. Bh7+ {[%mdl 8192]} (34. Be4 $16 g6 35. Qf3 (35. Qxb7 Nc5 $15)) 34... Kh8 35. Qxb7 Rf8 36. Bg6+ (36. Qe4 $142 g6 37. Bxg6+ Kg8 38. Bf5 Rxc2 39. Qxc2 Qg7 40. Bxe6 d3 41. Qxd3) 36... Kg8 {[#]} 37. Bh7+ (37. Bxf7+ $1 $18 {[%mdl 512]} Rxf7 38. Qxc8+ Nd8 39. e6) 37... Kh8 38. Qe4 {Prevents g6.} g6 39. Bxg6+ Kg7 40. Bxf8+ (40. Rh7+ $142 Kg8 41. Bf5 Rxc2 42. Qxc2) 40... Rxf8 41. Bf5 {White wants to mate with Rh7+.} Nc7 42. Rh7+ Kg8 {[#]} 43. Rh4 {Weighted Error Value: White=0.71/Black=0.93} (43. Qh1 $142 $1 Qg6 44. Bxg6 fxg6 45. Rxc7 Rf7 46. Qd5 Kh7 47. Qxf7+ Kh6 48. Qe7 Kh5 49. Qh4#) 1-0

[Event "MPL National Senior Chess-ch 2022"]
[Site "Kanpur"]
[Date "2022.03.02"]
[Round "10.11"]
[White "Deepan Chakkravarthy J."]
[Black "Mohammad Nubairshah Shaikh"]
[Result "0-1"]
[WhiteElo "2520"]
[BlackElo "2436"]
[Annotator "TA"]
[PlyCount "82"]
[EventDate "2022.02.25"]
[EventCountry "IND"]
[SourceTitle "playchess.com"]
[Source "ChessBase"]
[SourceQuality "1"]

{[%evp 9,82,1,22,8,0,0,0,0,24,18,27,13,68,32,62,31,186,0,0,-86,-78,-85,-35,-42,-25,-47,-42,-62,-21,-18,12,12,12,12,12,6,81,-72,-77,-70,-63,-99,-97,-96,-91,-86,-90,-182,-129,-117,-117,-212,-215,-207,-215,-274,-258,-587,-555,-543,-540,-523,-501,-904,-864,-802,-750,-1538,-1524,-1494,-1347,-12831,-12829,-12837,-9960]} 1. e4 c6 2. d4 d5 3. exd5 cxd5 4. Bd3 Nf6 5. h3 Nc6 6. Nf3 {B13: Caro-Kann: Exchange Variation and Panov-Botvinnik Attack.} Nb4 7. Nc3 {is currently scoring better than 7.Bb5+.} a6 8. Bf4 {The position is equal.} g6 9. O-O Nxd3 {[#]} 10. cxd3 $146 ({Predecessor:} 10. Qxd3 Bf5 11. Qd2 Bg7 12. Rfe1 Rc8 13. Rac1 h5 14. Nh4 Ne4 15. Nxe4 dxe4 16. Nxf5 gxf5 {½-½ (49) Lafourcade,V (1909)-Malassagne,R (2252) Avoine 2019}) 10... Bg7 (10... Nh5 $11 11. Bg5 h6) 11. Rc1 Nh5 12. Be5 f6 $2 {[#]} (12... O-O $14) 13. Bh2 $2 ({White must play} 13. Bc7 $1 $18 {[%cal Rc7d8][%mdl 512]} Qxc7 14. Nxd5) 13... Bh6 $11 14. Qb3 (14. Rc2 $11) 14... Bxc1 $17 15. Rxc1 Be6 ({Black should try} 15... e6 $17) 16. Qxb7 $15 ({Don't play} 16. g4 Ng7 17. Qxb7 h5 $17) 16... Qc8 17. Qb6 Kf7 18. Re1 g5 (18... a5 $15) 19. Na4 $11 Nf4 20. Bxf4 gxf4 21. Nc5 {Pair of Knights!} Bf5 {Threatens to win with ...Rb8.} 22. Nh4 Bg6 (22... Rd8 $1 $11 {remains equal.}) 23. Re6 $2 {[#]} (23. Qa5 $16 {stays on course.}) 23... Rb8 $1 $17 24. Qa7 Re8 25. Nxg6 hxg6 {The board is on fire.} 26. b3 Ra8 $36 {[%cal Bb8a8,Ba8a7,Ba7c7][%mdl 2080] Black is really pushing.} 27. Qb6 {[#]} f3 $1 28. gxf3 (28. g4 $17 {was called for.}) 28... Rh8 (28... g5 $19 29. Kg2 a5) 29. Kg2 Rh4 {[%mdl 1024] Black has strong compensation.} 30. Qb4 (30. b4 $17) 30... a5 $19 31. Qe1 Ra7 32. Qe3 g5 {[%cal Bg6g5,Bg5g4][%mdl 32] Inhibits f4.} 33. Kf1 $2 (33. f4 {nothing else works.} gxf4 34. Qf3) 33... Rxh3 {Black is clearly winning.} 34. Ke2 Rc7 35. Kd2 g4 {...g3 is the strong threat.} 36. a4 (36. Qe1 $142 Rxf3 37. a3) 36... Rxf3 37. Qe1 Rh3 {[%cal Bf3h3,Bh3h2,Bh2g2][%mdl 32]} 38. Qe2 Rh2 {[%cal Og4g3]} 39. Qe3 Rg2 {And now ...g3 would win.} 40. Ke1 g3 41. fxg3 Qh8 {Weighted Error Value: White=0.86/Black=0.18 (very precise)} 0-1